<?xml version="1.0" encoding="UTF-8"?>
<collection xmlns="http://www.loc.gov/MARC21/slim">
 <record>
  <leader>00549pamaa2200157   4500</leader>
  <controlfield tag="001">0000050948</controlfield>
  <controlfield tag="005">20130110090000.0</controlfield>
  <controlfield tag="008">130110                             eng  </controlfield>
  <datafield tag="090" ind1="0" ind2="0">
   <subfield code="a">RM184 </subfield>
   <subfield code="b">AND 1992</subfield>
  </datafield>
  <datafield tag="100" ind1="1" ind2="1">
   <subfield code="a">Andrew Tiong Hock Seng </subfield>
  </datafield>
  <datafield tag="245" ind1="1" ind2="0">
   <subfield code="a">Innovative acupuncture : </subfield>
   <subfield code="b">study guide  </subfield>
   <subfield code="c">Prof. Dr. Andrew Tiong Hock Seng.</subfield>
  </datafield>
  <datafield tag="260" ind1="0" ind2="0">
   <subfield code="a">Kuala Lumpur: </subfield>
   <subfield code="b">A &amp; T Health Care Centre, </subfield>
   <subfield code="c">1992.</subfield>
  </datafield>
  <datafield tag="300" ind1=" " ind2=" ">
   <subfield code="a">v, 195p: </subfield>
   <subfield code="b">ill.; </subfield>
   <subfield code="c">24 cm.</subfield>
  </datafield>
  <datafield tag="501" ind1="0" ind2="0">
   <subfield code="a">FHS</subfield>
  </datafield>
  <datafield tag="504" ind1="0" ind2="0">
   <subfield code="a">Includes bibliographical references and index</subfield>
  </datafield>
  <datafield tag="650" ind1="0" ind2="0">
   <subfield code="a">Acupuncture -- </subfield>
   <subfield code="x">Examinations, questions, etc </subfield>
  </datafield>
 </record>
</collection>
